Ni princesa ni zorrita : (Record no. 16270)

MARC details
000 -LEADER
fixed length control field 01939cam a2200421Li 4500
001 - CONTROL NUMBER
control field 933938296
003 - CONTROL NUMBER IDENTIFIER
control field OCoLC
005 - DATE AND TIME OF LATEST TRANSACTION
control field 20161003142117.0
008 - FIXED-LENGTH DATA ELEMENTS--GENERAL INFORMATION
fixed length control field 160105t20152015mx a j 000 1 spa d
020 ## - INTERNATIONAL STANDARD BOOK NUMBER
International Standard Book Number 9786079346591
020 ## - INTERNATIONAL STANDARD BOOK NUMBER
International Standard Book Number 6079346591
037 ## - SOURCE OF ACQUISITION
Stock number 1394631
Source of stock number/acquisition QBI
040 ## - CATALOGING SOURCE
Original cataloging agency QBX
Language of cataloging eng
Description conventions rda
Transcribing agency QBX
Modifying agency OCLCO
-- OCLCF
-- OCLCO
041 ## - LANGUAGE CODE
Language code of text/sound track or separate title spa
092 ## - LOCALLY ASSIGNED DEWEY CALL NUMBER (OCLC)
Classification number Teen Spanish 158.1
Item number Mercado
100 1# - MAIN ENTRY--PERSONAL NAME
Personal name Mercado, Blanca,
Relator term author.
245 10 - TITLE STATEMENT
Title Ni princesa ni zorrita :
Remainder of title NiNi : inteligencia amorosa para adolescentes : prohibido para padres metiches y criticones : o leer! /
Statement of responsibility, etc. Blanca Mercado.
260 ## - PUBLICATION, DISTRIBUTION, ETC. (IMPRINT)
Place of publication, distribution, etc. México, DF :
Name of publisher, distributor, etc. Editorial Pax México,
Date of publication, distribution, etc. 2015.
264 #1 - PRODUCTION, PUBLICATION, DISTRIBUTION, MANUFACTURE, AND COPYRIGHT NOTICE
Place of production, publication, distribution, manufacture México, DF :
Name of producer, publisher, distributor, manufacturer Editorial Pax México,
Date of production, publication, distribution, manufacture, or copyright notice 2015.
264 #4 - PRODUCTION, PUBLICATION, DISTRIBUTION, MANUFACTURE, AND COPYRIGHT NOTICE
Date of production, publication, distribution, manufacture, or copyright notice 2015.
300 ## - PHYSICAL DESCRIPTION
Extent vi, 120 pages :
Other physical details color illustrations ;
Dimensions 22 cm.
336 ## - CONTENT TYPE
Content type term text
Content type code txt
Source rdacontent.
337 ## - MEDIA TYPE
Media type term unmediated
Media type code n
Source rdamedia.
338 ## - CARRIER TYPE
Carrier type term volume
Carrier type code nc
Source rdacarrier.
520 ## - SUMMARY, ETC.
Summary, etc. "Inspired by her experiences with her own daughter, author Blanca Mercado offers this interactive novel for even the most skeptical adolescents. She understands that young people need encouragement to take risks and fight for their dreams without sacrificing their personal values. More than just a fun novel, the book is also a guide with activities in the final chapters that invite readers to join NiNi"--
Assigning source Amazon.com, viewed January 5, 2016.
650 #0 - SUBJECT ADDED ENTRY--TOPICAL TERM
Topical term or geographic name as entry element Teenage girls
Form subdivision Juvenile fiction.
650 #0 - SUBJECT ADDED ENTRY--TOPICAL TERM
Topical term or geographic name as entry element Self-confidence in adolescence
Form subdivision Juvenile fiction.
650 #1 - SUBJECT ADDED ENTRY--TOPICAL TERM
Topical term or geographic name as entry element Teenage girls.
650 #1 - SUBJECT ADDED ENTRY--TOPICAL TERM
Topical term or geographic name as entry element Self-confidence.
650 #7 - SUBJECT ADDED ENTRY--TOPICAL TERM
Topical term or geographic name as entry element Muchachas.
Source of heading or term bidex
650 #7 - SUBJECT ADDED ENTRY--TOPICAL TERM
Topical term or geographic name as entry element Adolescentes.
Source of heading or term bidex.
650 #7 - SUBJECT ADDED ENTRY--TOPICAL TERM
Topical term or geographic name as entry element Seguridad en si mismo.
Source of heading or term bidex
650 #7 - SUBJECT ADDED ENTRY--TOPICAL TERM
Topical term or geographic name as entry element Self-confidence in adolescence.
Source of heading or term fast
Authority record control number (OCoLC)fst01745219.
650 #7 - SUBJECT ADDED ENTRY--TOPICAL TERM
Topical term or geographic name as entry element Teenage girls.
Source of heading or term fast
Authority record control number (OCoLC)fst01145412.
655 #7 - INDEX TERM--GENRE/FORM
Genre/form data or focus term Fiction.
Source of term fast
Authority record control number (OCoLC)fst01423787.
655 #7 - INDEX TERM--GENRE/FORM
Genre/form data or focus term Juvenile works.
Source of term fast
Authority record control number (OCoLC)fst01411637.
942 ## - ADDED ENTRY ELEMENTS (KOHA)
Koha item type Libro/Book
Holdings
Withdrawn status Lost status Source of classification or shelving scheme Damaged status Not for loan Home library Current library Date acquired Total Checkouts Total Renewals Barcode Checked out Date last seen Date checked out Price effective from Koha item type
    Dewey Decimal Classification     San Juan Del Sur -- Mobile Sevadilla -- Satellite 03/10/2016 4   33014279 29/03/2021 22/03/2021 22/03/2021 03/10/2016 Libro/Book

Powered by Koha